| 000 | 00523nam a22001817a 4500 | ||
|---|---|---|---|
| 003 | 0 | ||
| 005 | 20231010125505.0 | ||
| 008 | 231010b xxu||||| |||| 00| 0 eng d | ||
| 020 | _a978-048680835-2 | ||
| 050 |
_aPR 5777 _b.W52 2017 |
||
| 100 | _aWells, H.G. | ||
| 245 |
_aA modern utopia _cH.G. Wells |
||
| 260 |
_aMinlola, New York _bDover Publications, Inc. _cc2017. |
||
| 300 |
_aix, 392 pages ; _c21 cm. |
||
| 500 | _aNovel, English--20th century. | ||
| 650 | _aNovel, English--20th century. | ||
| 942 |
_2lcc _cBK |
||
| 999 |
_c365509 _d365509 |
||